000 00686nam a22002417a 4500
003 UA-OsUOA
001 58981
007 ta
008 20090304b un ||||| |||| 00| 0 ukr d
100 _aЛевчин Рафаэль
090 _a821.161.2
_bЛ38
942 _cBK
040 _aUA-OsUOA
_brus
_cUA-OsUOA
_dUA-OsUOA
245 _aОкончательный текст и другие идилии
300 _a232 с.
955 _a3
041 _arus
080 _a821.161.2
020 _a966-8188-33-0
260 _aК.
_bИзд. дом Дмитрия Бураго
_c2006
650 7 _a82 Література. Літературознавство
_2UDC
999 _c345085
_d345085